000 01527cam a22003857a 4500
003 CHAP
005 20220329142559.0
008 020129d2001 mx r 00110 spa d
010 _a85241
011 _a86213
035 _a96751
040 _cCHAP
090 _aTesis
100 0 0 _aAguilar Garcia, Araceli.
_92707
245 1 4 _aLos mercados de futuros como instrumento para la comercialización de sorgo en algunas organizaciones de productores del estado de Guanajuato durante el periodo 2000-2001
_c/por Araceli Aguilar García e Ignacio Arellanos Valdivia
260 _aChapingo, Méx. :
_bEl autor,
_c2001.
300 _a94 h. ;
_bgráfs. ; cuadros
502 _aTesis (Lic. en Economía Agrícola) -- UACH. División de Ciencias Económico-Administrativas
590 _aALEPH
_b10
_c20130110
_lUCH01
_h1445
590 _aBATCH-UPD
_b10
_c20130110
_lUCH01
_h0359
590 _aBATCH-UPD
_b10
_c20130110
_lUCH01
_h1943
590 _aBATCH-UPD
_b10
_c20130410
_lUCH01
_h0032
590 _aBATCH-UPD
_b10
_c20130410
_lUCH01
_h1506
590 _aBATCH-UPD
_b10
_c20130914
_lUCH01
_h0354
590 _aCONVERSION
_b10
_c20130109
_lUCH01
_h1347
650 1 4 _aSorgo
_xAspectos económicos.
_9108629
650 1 4 _aSorgo
_xGuanajuato.
_9108677
650 1 4 _aSorgo
_xMercadeo.
_9108695
700 0 0 _aArellanos Valdivia, Ignacio
_96937
901 _aBK
905 _aMayto Villalobos S.
942 _cFOLL
949 _aTesis
_bBC
_cTES
_d33724000859005
_eTS2
_fc.2
_h39080
_i96751
_si
949 _aTesis
_bBC
_cTES
_d967511
_eTS1
_h39079
_i96751
_sb
999 _c85241
_d85241